000 00704am a2200253a 44500
003 AR-BaBNM
005 20251128211153.0
008 103020s1976 #AR|||||||||||000 | esp||
020 _a84-294-1346-4
040 _cAR-BaBNM
111 2 _aSeminario Internacional de Educación
_d1973
_cMadrid, España
245 1 0 _aLa educación en la encrucijada
260 _aMadrid
_bSantillana
_c1976
300 _a324 p.
490 0 _aEducación-Ciencia-Cultura
650 4 _aPOLITICA EDUCATIVA
650 4 _aSOCIOLOGIA DE LA EDUCACION
650 4 _aUNIVERSIDADES
651 4 _aIberoamérica
653 _aPLANEAMIENTO EDUCATIVO
653 _aINNOVACIONES EDUCATIVAS
942 _cBK
998 _craquel
999 _c18558
_d18558